000 00779 a2200181 4500
003 Nust
005 20221118083111.0
020 _a8123902638
040 _cNust
082 _a621.38,NAT
100 _aNatesan,N.C
_9102994
245 _aParker Smith,s 458 solutions of problems in Electrical engineering Part. II /
_cNatesan,V.C.
260 _aNew Delhi
_bCBS publishers
_c1996
300 _a456p
505 _aExciting coils (Page-1). DC Machines (Page-21), Transformers (Page-128), Synchronous machines (Page-180), Induction machines (Page-239), Converting machines (Page-299), Starters (Page-329), Heating and cooling of electrical plant (Page-348), Mercury arc rectifiers (Page-373), Parallel operation (Page-385).
650 _aElectrical engineering
942 _2ddc
_cBK
999 _c213660
_d213660